Thirty seventh B round robin crosschecks for SMR testing (17th and 18th July 1984) (Record no. 43313)

MARC details
000 -LEADER
fixed length control field 00335nam a2200109Ia 4500
082 ## - DEWEY DECIMAL CLASSIFICATION NUMBER
Classification number NR:62:006.73
Item number RRC.37B
245 #0 - TITLE STATEMENT
Title Thirty seventh B round robin crosschecks for SMR testing (17th and 18th July 1984)
260 ## - PUBLICATION, DISTRIBUTION, ETC. (IMPRINT)
Place of publication Kuala Lumpur
Name of publisher RRIM
Year of publication 1984
700 ## - ADDED ENTRY--PERSONAL NAME
Personal name Loke Kum Mun
942 ## - ADDED ENTRY ELEMENTS (KOHA)
Koha item type Books
Holdings
Withdrawn status Lost status Damaged status Not for loan Home library Current library Date acquired Source of acquisition Full call number Accession Number Koha item type
        RRII Library RRII Library 16/12/2021 Gift NR:62:006.73 RRC.37B G00035 Books